City within a city : how kids live in New York's Chinatown /

Describes the lives of two young Chinese Americans and their customs and conditions at home in New York City's Chinatown.

Bibliographic Details
Main Author: Krull, Kathleen
Other Authors: Hautzig, David (Illustrator)
Format: Book
Language:English
Published: New York : Lodestar Books, [1994]
Edition:1st ed.
Series:Krull, Kathleen. World of my own.
Subjects:

MARC

Tag First Indicator Second Indicator Subfields
LEADER 00000cam a2200000 a 4500
001 in00001181908
005 20151002051352.0
008 930413s1994 nyuab j b 001 0 eng
010 |a  93015846  
020 |a 0525674373 :  |c $15.99 
035 |a (OCoLC)28500855 
035 |9 AGH3162AM 
040 |a DLC  |c DLC  |d TXA  |d UtOrBLW 
043 |a n-us-ny 
049 |a TXAM 
050 0 0 |a F128.68.C47  |b K78 1994 
082 0 0 |a 305.23/089/95107471  |2 20 
100 1 |a Krull, Kathleen. 
245 1 0 |a City within a city :  |b how kids live in New York's Chinatown /  |c by Kathleen Krull ; photographs by David Hautzig. 
250 |a 1st ed. 
264 1 |a New York :  |b Lodestar Books,  |c [1994] 
264 4 |c ©1994 
300 |a 48 pages :  |b color illustrations, maps ;  |c 26 cm. 
336 |a text  |b txt  |2 rdacontent 
337 |a unmediated  |b n  |2 rdamedia 
338 |a volume  |b nc  |2 rdacarrier 
490 1 |a A World of my own 
504 |a Includes bibliographical references (page 46) and index. 
520 |a Describes the lives of two young Chinese Americans and their customs and conditions at home in New York City's Chinatown. 
650 0 |a Chinese American children  |z New York (State)  |z New York  |x Social life and customs  |x Juvenile literature. 
651 0 |a Chinatown (New York, N.Y.)  |x Social life and customs  |x Juvenile literature. 
651 0 |a New York (N.Y.)  |x Social life and customs  |x Juvenile literature. 
650 1 |a Chinese Americans. 
651 1 |a Chinatown (New York, N.Y.)  |x Social life and customs. 
700 1 |a Hautzig, David,  |e illustrator. 
800 1 |a Krull, Kathleen.  |t World of my own. 
999 |a MARS 
999 f f |s 31afd718-7480-315b-b5a1-e7b1bd9d6b1e  |i 79bb2610-048d-3757-a5ed-a11d4d324378  |t 0 
952 f f |p normal  |a Texas A&M University  |b College Station  |c Sterling C. Evans Library  |d Evans: Curriculum Collection (4th floor)  |t 0  |e F128.68.C47 K78 1994  |h Library of Congress classification  |i unmediated -- volume  |m A14818452501 
998 f f |a F128.68.C47 K78 1994  |t 0  |l Evans: Curriculum Collection (4th floor)